000 00484ntaaa2200181 4500
003 01
005 20251027202839.0
008 0714s1973 ag 01
040 _aAR-BaBN
_bspa
_cAR-BaBN
_eaacr
_dRIC
082 _a268.6370 K38
100 _aKennedy, Harold
_929051
245 _aLecciones bĂ­blicas ilustradas
250 _a1 ed.
260 _aEl Paso :
_bCasa Bautista de Publicaciones,
_c1957
300 _a32 p
500 _aPrimeros pasos en el estudio de la Biblia
942 _cBK
999 _c23836
_d23836